000 004870000a22001930004500
001 001965
003 MACL
005 20150909152152.0
008 150909b xxu||||| |||| 00| 0 eng d
040 _aMACL
_cMACL
041 _aEnglish
082 _a821/DAS
100 _aDas, Jagannath
_99619
245 _aLovelines
_bPoems of Longing and Despair
_cJagannath Das
260 _aNew Delhi
_c2001
_bVirgo Publications,
350 _a160
650 _aPoetry
_99620
942 _k821
_cBK
_2ddc
999 _c13881
_d13881